000 00786nam a2200265 i 4500
001 C2-0326347
003 PPAK
005 20180728124230.0
008 140325s2013 my a|||| ||||| | may d
020 _a9789675595653
040 _aPPAK
_beng
_cPPAK
_erda
082 0 4 _a297.18
_223
090 0 0 _a297.18
_bZAI
_dK
100 0 _aZainuddin MM,
_eauthor
245 1 0 _aKeistimewaan burung
264 1 _aHulu Selangor, Selangor :
_bDarul Mughni Trading ,
_c2013
300 _a16 pages :
_bcolour illustrations ;
_c21 cm
336 _2rdacontent
_atext
337 _2rdamedia
_aunmediated
338 _2rdacarrier
_avolume
490 1 _aSiri serita haiwan di dalam al-Quran
650 1 0 _aIslamic stories, Malay.
830 0 _aSiri serita haiwan di dalam al-Quran
942 _ddc
_cB
999 _c126024
_d126024